[Event "FIDE WYCC 2016 U14 boys"]
[Site "Khanty Mansiysk"]
[Date "2016.09.23"]
[Round "2.32"]
[White "Hsu, Hsuan Ming"]
[Black "Piyumantha, M Sasith Nipun"]
[Result "0-1"]
[WhiteElo "1727"]
[BlackElo "2017"]
[Annotator "Reinhold Goldau"]
[PlyCount "102"]
[EventDate "2016.09.??"]
[EventType "swiss"]
[EventRounds "11"]
[EventCountry "RUS"]
[SourceTitle "Youth Database"]
[Source "CBase R.Goldau"]
[SourceDate "2000.03.01"]

1. e4 c5 2. c3 g6 3. d4 cxd4 4. cxd4 d5 5. exd5 Nf6 6. Bb5+ Nbd7 7. Nc3 a6 8.
Bd3 Nb6 9. Nf3 Bg7 10. O-O O-O 11. Re1 Nbxd5 12. Qb3 b5 13. Bd2 Bb7 14. Ne5 Qb6
15. Be3 Nxe3 16. fxe3 Rfd8 17. a4 Nd5 18. Nf3 e5 19. axb5 Nxc3 20. bxc3 e4 21.
Bc4 exf3 22. bxa6 Qf6 23. Ra2 Bxa6 24. Bxa6 f2+ 25. Rxf2 Qxa6 26. e4 Rac8 27.
e5 Qc4 28. Qxc4 Rxc4 29. Rf3 Bh6 30. Rd1 Rdc8 31. Rdd3 Bc1 32. Kf2 Bb2 33. Ke3
Rxc3 34. Ke4 Rxd3 35. Rxd3 Rc2 36. Kf3 Rc3 37. Rxc3 Bxc3 38. Ke4 Kf8 39. g4 Ke7
40. Kd5 f6 41. h3 Be1 42. Ke4 Bg3 43. exf6+ Kxf6 44. Kf3 Be1 45. Kf4 Bd2+ 46.
Kg3 Bc3 47. Kf4 Bxd4 48. g5+ Ke6 49. h4 Bf2 50. Kg4 Bxh4 51. Kxh4 Kf5 0-1

[Event "FIDE WYCC 2016 U14 boys"]
[Site "Khanty Mansiysk"]
[Date "2016.09.23"]
[Round "2.33"]
[White "Chursin, Aleksandr"]
[Black "Thybo, Thomas Sondergaard"]
[Result "0-1"]
[WhiteElo "1675"]
[BlackElo "1971"]
[Annotator "Reinhold Goldau"]
[PlyCount "87"]
[EventDate "2016.09.??"]
[EventType "swiss"]
[EventRounds "11"]
[EventCountry "RUS"]
[SourceTitle "Youth Database"]
[Source "CBase R.Goldau"]
[SourceDate "2000.03.01"]

1. c4 Nf6 2. Nc3 g6 3. d4 Bg7 4. Nf3 O-O 5. e4 d6 6. Be2 e5 7. O-O Nc6 8. d5
Ne7 9. c5 dxc5 10. Be3 b6 11. Qc2 Ne8 12. Rfd1 Nd6 13. Nd2 f5 14. f3 f4 15. Bf2
h5 16. Bh4 Bh6 17. Nc4 g5 18. Bxg5 Bxg5 19. Nxe5 Bf6 20. Nd3 Ng6 21. Bf1 Nc4
22. Re1 Ne3 23. Qd2 Bd4 24. Kh1 Ne5 25. Nxe5 Bxe5 26. Nd1 Qh4 27. Rb1 a5 28.
Bb5 Nc2 29. Rg1 Nd4 30. Bf1 Kh7 31. Nf2 Qg5 32. Nd3 Bd6 33. Re1 Rg8 34. Qf2 Ba6
35. h4 Qg6 36. e5 Bxd3 37. Bxd3 Qxd3 38. exd6 cxd6 39. Re7+ Kh6 40. Rge1 Rg6
41. Rf7 Nf5 42. Re4 Ng3+ 43. Kg1 Nxe4 44. fxe4 0-1

[Event "FIDE WYCC 2016 U14 boys"]
[Site "Khanty Mansiysk"]
[Date "2016.09.23"]
[Round "2.34"]
[White "Mochalin, Faddey"]
[Black "Ryabov, Georgi"]
[Result "1-0"]
[WhiteElo "1912"]
[BlackElo "1572"]
[Annotator "Reinhold Goldau"]
[PlyCount "73"]
[EventDate "2016.09.??"]
[EventType "swiss"]
[EventRounds "11"]
[EventCountry "RUS"]
[SourceTitle "Youth Database"]
[Source "CBase R.Goldau"]
[SourceDate "2000.03.01"]

1. e4 d6 2. d4 Nf6 3. Nc3 g6 4. Be3 Bg7 5. f3 O-O 6. Qd2 c6 7. O-O-O Nbd7 8.
Nge2 b5 9. g4 a5 10. Ng3 a4 11. h4 b4 12. Nb1 Rb8 13. h5 Nb6 14. Bh6 b3 15.
axb3 axb3 16. c3 Ra8 17. hxg6 fxg6 18. Bxg7 Kxg7 19. Qh6+ Kf7 20. g5 Ng8 21.
Qxh7+ Ke8 22. Qxg6+ Kd7 23. Nf5 Kc7 24. Bd3 Na4 25. Rd2 Bd7 26. Qg7 e6 27. Nxd6
Kxd6 28. Qe5+ Ke7 29. Rh7+ Ke8 30. Qg7 Ne7 31. Rh8 Rxh8 32. Qxh8+ Kf7 33. Qf6+
Ke8 34. Rh2 Ng8 35. Qg7 Qe7 36. Qxg8+ Qf8 37. Qxf8+ 1-0

[Event "FIDE WYCC 2016 U14 boys"]
[Site "Khanty Mansiysk"]
[Date "2016.09.23"]
[Round "2.35"]
[White "Kakuk, Tibor"]
[Black "Dolgikh, Evgeniy"]
[Result "0-1"]
[WhiteElo "1622"]
[BlackElo "1904"]
[Annotator "Reinhold Goldau"]
[PlyCount "78"]
[EventDate "2016.09.??"]
[EventType "swiss"]
[EventRounds "11"]
[EventCountry "RUS"]
[SourceTitle "Youth Database"]
[Source "CBase R.Goldau"]
[SourceDate "2000.03.01"]

1. e4 c5 2. Nf3 Nf6 3. Nc3 d5 4. e5 Nfd7 5. d4 e6 6. Ne2 Nc6 7. c3 cxd4 8. cxd4
Be7 9. a3 a6 10. Nc3 O-O 11. Bd3 f6 12. exf6 Bxf6 13. O-O Kh8 14. Bc2 b5 15.
Qd3 g6 16. Re1 Nb6 17. Ne2 e5 18. dxe5 Nxe5 19. Nxe5 Bxe5 20. Nd4 Qf6 21. Be3
Nc4 22. Rab1 Nxe3 23. fxe3 Qf2+ 24. Kh1 Qh4 25. g3 Bxg3 26. Re2 Bg4 27. Rg2 Be5
28. Rbg1 Rf2 29. Rxf2 Qxf2 30. Rg2 Qe1+ 31. Rg1 Qh4 32. Rg2 Rf8 33. Bb3 Bh3 34.
Rg1 Qf2 35. Qe2 Qh4 36. Qd1 Qe7 37. Nf3 Rxf3 38. Bxd5 Rf2 39. Be4 Rxh2# 0-1

[Event "FIDE WYCC 2016 U14 boys"]
[Site "Khanty Mansiysk"]
[Date "2016.09.23"]
[Round "2.36"]
[White "Kizatbay, Abyl"]
[Black "Horn, Aldo"]
[Result "1-0"]
[WhiteElo "1892"]
[BlackElo "1307"]
[Annotator "Reinhold Goldau"]
[PlyCount "125"]
[EventDate "2016.09.??"]
[EventType "swiss"]
[EventRounds "11"]
[EventCountry "RUS"]
[SourceTitle "Youth Database"]
[Source "CBase R.Goldau"]
[SourceDate "2000.03.01"]

1. e4 e5 2. Nf3 Nc6 3. d4 exd4 4. Nxd4 Bc5 5. Nb3 Bb6 6. Nc3 d6 7. Qe2 Nf6 8.
Be3 Bxe3 9. Qxe3 O-O 10. O-O-O Re8 11. f3 Qe7 12. g4 h6 13. h4 Nh7 14. Nd5 Qd8
15. Be2 Ne5 16. g5 hxg5 17. hxg5 c6 18. Nc3 Qxg5 19. Qxg5 Nxg5 20. f4 Ng4 21.
fxg5 Nf2 22. Rhf1 Nxd1 23. Rxd1 Rd8 24. e5 d5 25. Bd3 g6 26. Nd4 Re8 27. Re1
Be6 28. a3 Bf5 29. Nxf5 gxf5 30. Rf1 Re7 31. Bxf5 Rae8 32. Nd1 b6 33. b3 c5 34.
a4 d4 35. Nb2 a5 36. Nd3 Kg7 37. Kd2 Rh8 38. Rf2 Kf8 39. Kd1 Kg7 40. Rg2 Ree8
41. Ne1 Rh4 42. Nf3 Rh3 43. Rf2 Reh8 44. Kd2 R8h7 45. g6 fxg6 46. Bc8 Rh1 47.
Ng5 R7h2 48. Rxh2 Rxh2+ 49. Kd3 Kf8 50. Ne6+ Ke7 51. Nf4 Rh6 52. Nd5+ Kd8 53.
Bg4 Rh4 54. Nf6 Ke7 55. Kc4 Kd8 56. Kb5 Kc7 57. Nd5+ Kd8 58. Bf3 Rh3 59. Be4
Rg3 60. e6 g5 61. e7+ Ke8 62. Bg6+ Kd7 63. e8=Q+ 1-0

[Event "FIDE WYCC 2016 U14 boys"]
[Site "Khanty Mansiysk"]
[Date "2016.09.23"]
[Round "2.37"]
[White "Izumi, Haruki"]
[Black "Osaka, Takuma"]
[Result "0-1"]
[WhiteElo "1549"]
[BlackElo "1888"]
[Annotator "Reinhold Goldau"]
[PlyCount "64"]
[EventDate "2016.09.??"]
[EventType "swiss"]
[EventRounds "11"]
[EventCountry "RUS"]
[SourceTitle "Youth Database"]
[Source "CBase R.Goldau"]
[SourceDate "2000.03.01"]

1. e4 c5 2. Nf3 d6 3. d4 cxd4 4. Nxd4 Nf6 5. Nc3 a6 6. g3 e5 7. Nde2 b5 8. Bg2
Nbd7 9. O-O Be7 10. h3 Qc7 11. Be3 Bb7 12. g4 Nb6 13. b3 b4 14. Bxb6 Qxb6 15.
Nd5 Nxd5 16. exd5 Rc8 17. Ng3 O-O 18. Nf5 Bf6 19. h4 g6 20. g5 Bd8 21. Ne3 a5
22. Rc1 Ba6 23. Re1 Rc7 24. Be4 f6 25. gxf6 Rxf6 26. h5 Rf4 27. Bd3 Bh4 28. Re2
Bxf2+ 29. Rxf2 Qxe3 30. Qe1 Qxf2+ 31. Qxf2 Rxf2 32. Kxf2 Bxd3 0-1

[Event "FIDE WYCC 2016 U14 boys"]
[Site "Khanty Mansiysk"]
[Date "2016.09.24"]
[Round "3.1"]
[White "Esipenko, Andrey"]
[Black "Ibrahimli, Murad"]
[Result "1-0"]
[WhiteElo "2490"]
[BlackElo "2203"]
[Annotator "Reinhold Goldau"]
[PlyCount "63"]
[EventDate "2016.09.??"]
[EventType "swiss"]
[EventRounds "11"]
[EventCountry "RUS"]
[SourceTitle "Youth Database"]
[Source "CBase R.Goldau"]
[SourceDate "2000.03.01"]
[TimeControl "40/5400+30:1800+30"]

1. e4 {[%emt 0:00:00]} c5 {[%emt 0:00:00]} 2. Nf3 {[%emt 0:00:00]} d6 {[%emt 0:
00:00]} 3. d4 {[%emt 0:00:00]} cxd4 {[%emt 0:00:00]} 4. Nxd4 {[%emt 0:00:00]}
Nf6 {[%emt 0:00:03]} 5. Nc3 {[%emt 0:00:00]} a6 {[%emt 0:00:04]} 6. Bg5 {
[%emt 0:00:02]} e6 {[%emt 0:00:38]} 7. f4 {[%emt 0:00:28]} Qc7 {[%emt 0:00:51]}
8. Qe2 {[%emt 0:04:11]} Nc6 {[%emt 0:01:57]} 9. O-O-O {[%emt 0:07:26]} Be7 {
[%emt 0:03:53]} 10. Nxc6 {[%emt 0:08:56]} bxc6 {[%emt 0:01:36]} 11. e5 {
[%emt 0:05:42]} dxe5 {[%emt 0:07:29]} 12. fxe5 {[%emt 0:00:35]} Nd5 {[%emt 0:
03:59]} 13. Bxe7 {[%emt 0:14:24]} Nxc3 {[%emt 0:02:22]} 14. Qf3 {[%emt 0:03:23]
} Nxd1 {[%emt 0:11:16]} 15. Bd6 {[%emt 0:00:57]} Qb6 {[%emt 0:08:51]} 16. Qxd1
{[%emt 0:00:45]} a5 {[%emt 0:25:37]} 17. Qd2 {[%emt 0:03:04]} h6 {[%emt 0:08:
23]} 18. Be2 {[%emt 0:02:12]} Ba6 {[%emt 0:10:28]} 19. Bh5 {[%emt 0:00:39]} Ra7
{[%emt 0:07:45]} 20. Qf4 {[%emt 0:03:15]} Rg8 {[%emt 0:01:38]} 21. Qe4 {
[%emt 0:02:06]} g6 {[%emt 0:01:41]} 22. Bf3 {[%emt 0:00:07]} Bb7 {[%emt 0:00:
25]} 23. Qh4 {[%emt 0:01:31]} Qe3+ {[%emt 0:01:10]} 24. Kb1 {[%emt 0:00:05]}
Qg5 {[%emt 0:00:57]} 25. Qd4 {[%emt 0:00:31]} Ra6 {[%emt 0:00:31]} 26. Rd1 {
[%emt 0:13:20]} Qd8 {[%emt 0:00:51]} 27. Qe3 {[%emt 0:00:08]} Rh8 {[%emt 0:00:
31]} 28. h4 {[%emt 0:00:59]} a4 {[%emt 0:00:30]} 29. h5 {[%emt 0:00:25]} g5 {
[%emt 0:00:20]} 30. Be4 {[%emt 0:00:20]} Ra8 {[%emt 0:00:38]} 31. Qf3 {[%emt 0:
00:33]} Ra5 {[%emt 0:00:34]} 32. c4 {[%emt 0:00:30]} 1-0

[Event "FIDE WYCC 2016 U14 boys"]
[Site "Khanty Mansiysk"]
[Date "2016.09.24"]
[Round "3.2"]
[White "Shevchenko, Kirill"]
[Black "Pitzanti, Matteo"]
[Result "1/2-1/2"]
[WhiteElo "2438"]
[BlackElo "2175"]
[Annotator "Reinhold Goldau"]
[PlyCount "86"]
[EventDate "2016.09.??"]
[EventType "swiss"]
[EventRounds "11"]
[EventCountry "RUS"]
[SourceTitle "Youth Database"]
[Source "CBase R.Goldau"]
[SourceDate "2000.03.01"]
[TimeControl "40/5400+30:1800+30"]

1. e4 {[%emt 0:00:00]} e5 {[%emt 0:00:00]} 2. Nf3 {[%emt 0:00:00]} Nc6 {
[%emt 0:00:00]} 3. Bb5 {[%emt 0:00:00]} a6 {[%emt 0:00:00]} 4. Ba4 {[%emt 0:00:
00]} Nf6 {[%emt 0:00:04]} 5. O-O {[%emt 0:00:00]} Be7 {[%emt 0:00:06]} 6. Re1 {
[%emt 0:00:04]} b5 {[%emt 0:00:06]} 7. Bb3 {[%emt 0:00:01]} d6 {[%emt 0:00:14]}
8. a4 {[%emt 0:00:13]} Bg4 {[%emt 0:00:36]} 9. c3 {[%emt 0:01:25]} O-O {
[%emt 0:00:25]} 10. h3 {[%emt 0:00:04]} Bxf3 {[%emt 0:00:17]} 11. Qxf3 {
[%emt 0:00:03]} Na5 {[%emt 0:01:00]} 12. Bc2 {[%emt 0:00:19]} b4 {[%emt 0:00:
15]} 13. d4 {[%emt 0:02:50]} c5 {[%emt 0:02:11]} 14. d5 {[%emt 0:01:11]} Nd7 {
[%emt 0:00:47]} 15. Qg4 {[%emt 0:02:23]} Kh8 {[%emt 0:04:23]} 16. Qe2 {[%emt 0:
27:21]} Bg5 {[%emt 0:07:01]} 17. Bd2 {[%emt 0:09:21]} Bxd2 {[%emt 0:17:00]} 18.
Nxd2 {[%emt 0:01:05]} Qb6 {[%emt 0:07:10]} 19. Bd3 {[%emt 0:11:00]} Rfb8 {
[%emt 0:06:01]} 20. Bc4 {[%emt 0:07:37]} Qa7 {[%emt 0:03:56]} 21. Ra2 {[%emt 0:
07:01]} Rb6 {[%emt 0:15:23]} 22. Bd3 {[%emt 0:03:43]} Rbb8 {[%emt 0:04:34]} 23.
h4 {[%emt 0:11:04]} Rc8 {[%emt 0:04:11]} 24. Rc1 {[%emt 0:09:31]} bxc3 {
[%emt 0:13:03]} 25. bxc3 {[%emt 0:00:11]} Rcb8 {[%emt 0:00:08]} 26. Nc4 {
[%emt 0:02:14]} Qc7 {[%emt 0:02:41]} 27. h5 {[%emt 0:02:41]} h6 {[%emt 0:05:29]
} 28. Ne3 {[%emt 0:01:24]} c4 {[%emt 0:01:53]} 29. Bxc4 {[%emt 0:01:01]} Nxc4 {
[%emt 0:01:33]} 30. Qxc4 {[%emt 0:00:16]} Nc5 {[%emt 0:00:13]} 31. Nf5 {
[%emt 0:00:44]} Qd8 {[%emt 0:01:23]} 32. Re1 {[%emt 0:00:33]} Kh7 {[%emt 0:00:
56]} 33. g3 {[%emt 0:00:29]} g6 {[%emt 0:00:49]} 34. Nh4 {[%emt 0:00:11]} Qg5 {
[%emt 0:00:21]} 35. hxg6+ {[%emt 0:00:04]} fxg6 {[%emt 0:00:04]} 36. Rae2 {
[%emt 0:01:18]} Ra7 {[%emt 0:01:06]} 37. Nf3 {[%emt 0:00:33]} Qh5 {[%emt 0:01:
24]} 38. Kg2 {[%emt 0:00:13]} Rf7 {[%emt 0:00:49]} 39. Nh2 {[%emt 0:00:48]} Qg5
{[%emt 0:00:49]} 40. Nf3 {[%emt 0:00:00]} Qe7 {[%emt 0:00:00]} 41. Rh1 {
[%emt 0:16:03]} Rbf8 {[%emt 0:04:51]} 42. Ne1 {[%emt 0:03:23]} Qa7 {[%emt 0:02:
42]} 43. Rf1 {[%emt 0:01:49]} Qd7 {[%emt 0:03:07]} 1/2-1/2

[Event "FIDE WYCC 2016 U14 boys"]
[Site "Khanty Mansiysk"]
[Date "2016.09.24"]
[Round "3.3"]
[White "Lomasov, Semen"]
[Black "Zhao, Chenxi"]
[Result "1-0"]
[WhiteElo "2393"]
[BlackElo "2124"]
[Annotator "Reinhold Goldau"]
[PlyCount "55"]
[EventDate "2016.09.??"]
[EventType "swiss"]
[EventRounds "11"]
[EventCountry "RUS"]
[SourceTitle "Youth Database"]
[Source "CBase R.Goldau"]
[SourceDate "2000.03.01"]
[TimeControl "40/5400+30:1800+30"]

1. e4 {[%emt 0:00:00]} c5 {[%emt 0:00:00]} 2. Nf3 {[%emt 0:00:00]} e6 {[%emt 0:
00:00]} 3. d4 {[%emt 0:00:00]} cxd4 {[%emt 0:00:01]} 4. Nxd4 {[%emt 0:00:00]}
Nc6 {[%emt 0:00:06]} 5. Nc3 {[%emt 0:00:01]} Qc7 {[%emt 0:00:07]} 6. Be3 {
[%emt 0:00:09]} a6 {[%emt 0:00:13]} 7. Qf3 {[%emt 0:00:07]} Nf6 {[%emt 0:02:19]
} 8. O-O-O {[%emt 0:00:29]} Be7 {[%emt 0:01:19]} 9. Be2 {[%emt 0:00:23]} h5 {
[%emt 0:01:27]} 10. Qg3 {[%emt 0:00:21]} Qxg3 {[%emt 0:00:16]} 11. hxg3 {
[%emt 0:00:07]} Ne5 {[%emt 0:04:30]} 12. f3 {[%emt 0:00:09]} b5 {[%emt 0:01:33]
} 13. g4 {[%emt 0:01:02]} Ng6 {[%emt 0:07:13]} 14. g5 {[%emt 0:03:18]} Ng8 {
[%emt 0:03:04]} 15. f4 {[%emt 0:04:18]} Bb7 {[%emt 0:03:35]} 16. Bxh5 {[%emt 0:
02:15]} b4 {[%emt 0:02:34]} 17. Nce2 {[%emt 0:00:59]} Bc5 {[%emt 0:12:30]} 18.
f5 {[%emt 0:06:20]} Ne5 {[%emt 0:03:22]} 19. Bf4 {[%emt 0:02:22]} g6 {[%emt 0:
00:51]} 20. g4 {[%emt 0:26:11]} Bd6 {[%emt 0:07:42]} 21. fxg6 {[%emt 0:11:01]}
fxg6 {[%emt 0:01:01]} 22. Nf5 {[%emt 0:10:14]} exf5 {[%emt 0:06:57]} 23. Rxd6 {
[%emt 0:00:06]} Nf7 {[%emt 0:02:23]} 24. Rxg6 {[%emt 0:00:19]} Kf8 {[%emt 0:06:
23]} 25. Ng3 {[%emt 0:01:21]} fxe4 {[%emt 0:07:09]} 26. Rf1 {[%emt 0:01:50]}
Bd5 {[%emt 0:03:47]} 27. Bd6+ {[%emt 0:00:36]} Ke8 {[%emt 0:00:08]} 28. Rg7 {
[%emt 0:00:18]} 1-0

[Event "FIDE WYCC 2016 U14 boys"]
[Site "Khanty Mansiysk"]
[Date "2016.09.24"]
[Round "3.4"]
[White "Bharambe, Bhavik C"]
[Black "Stoleriu, George"]
[Result "1-0"]
[WhiteElo "2104"]
[BlackElo "2247"]
[Annotator "Reinhold Goldau"]
[PlyCount "107"]
[EventDate "2016.09.??"]
[EventType "swiss"]
[EventRounds "11"]
[EventCountry "RUS"]
[SourceTitle "Youth Database"]
[Source "CBase R.Goldau"]
[SourceDate "2000.03.01"]
[TimeControl "40/5400+30:1800+30"]

1. d4 {[%emt 0:00:00]} e6 {[%emt 0:00:00]} 2. c4 {[%emt 0:00:00]} f5 {[%emt 0:
00:00]} 3. g3 {[%emt 0:00:49]} Nf6 {[%emt 0:00:00]} 4. Bg2 {[%emt 0:01:36]}
Bb4+ {[%emt 0:00:31]} 5. Nc3 {[%emt 0:03:12]} O-O {[%emt 0:00:55]} 6. Nh3 {
[%emt 0:06:47]} Qe7 {[%emt 0:14:01]} 7. Nf4 {[%emt 0:02:23]} d6 {[%emt 0:01:55]
} 8. O-O {[%emt 0:00:21]} c6 {[%emt 0:02:25]} 9. Qb3 {[%emt 0:10:36]} Bxc3 {
[%emt 0:02:03]} 10. bxc3 {[%emt 0:00:11]} Kh8 {[%emt 0:07:43]} 11. Ba3 {
[%emt 0:02:10]} Na6 {[%emt 0:03:06]} 12. Rfd1 {[%emt 0:05:50]} Rb8 {[%emt 0:05:
23]} 13. Rab1 {[%emt 0:04:27]} Bd7 {[%emt 0:04:12]} 14. Nd3 {[%emt 0:05:56]}
Be8 {[%emt 0:06:47]} 15. c5 {[%emt 0:04:07]} d5 {[%emt 0:02:29]} 16. Bc1 {
[%emt 0:00:18]} Nh5 {[%emt 0:10:45]} 17. Qa3 {[%emt 0:04:05]} Bg6 {[%emt 0:11:
50]} 18. Rb2 {[%emt 0:02:24]} Ra8 {[%emt 0:12:15]} 19. Ne5 {[%emt 0:01:46]}
Rfb8 {[%emt 0:03:57]} 20. h3 {[%emt 0:03:17]} Be8 {[%emt 0:02:14]} 21. g4 {
[%emt 0:01:36]} Nf6 {[%emt 0:01:31]} 22. Bf4 {[%emt 0:00:38]} Nc7 {[%emt 0:00:
20]} 23. Qa4 {[%emt 0:01:23]} Nb5 {[%emt 0:02:03]} 24. Qc2 {[%emt 0:00:16]}
fxg4 {[%emt 0:03:13]} 25. hxg4 {[%emt 0:01:49]} Nc7 {[%emt 0:00:03]} 26. Rdb1 {
[%emt 0:00:50]} Nb5 {[%emt 0:00:54]} 27. Rb3 {[%emt 0:00:28]} a5 {[%emt 0:02:
05]} 28. a4 {[%emt 0:00:33]} Na7 {[%emt 0:00:02]} 29. Qb2 {[%emt 0:01:18]} Qd8
{[%emt 0:01:14]} 30. Rxb7 {[%emt 0:01:24]} Rc8 {[%emt 0:00:02]} 31. Qb6 {
[%emt 0:00:44]} Bg6 {[%emt 0:01:00]} 32. Nxg6+ {[%emt 0:00:39]} hxg6 {[%emt 0:
00:03]} 33. Rxa7 {[%emt 0:00:17]} Rxa7 {[%emt 0:00:24]} 34. Qxa7 {[%emt 0:00:
13]} Nxg4 {[%emt 0:00:03]} 35. Rb8 {[%emt 0:00:40]} Kh7 {[%emt 0:00:47]} 36.
Rxc8 {[%emt 0:00:29]} Qxc8 {[%emt 0:00:20]} 37. Qxa5 {[%emt 0:00:35]} Qf8 {
[%emt 0:01:02]} 38. Bg3 {[%emt 0:00:50]} Qf5 {[%emt 0:00:15]} 39. Bf3 {[%emt 0:
00:21]} Nf6 {[%emt 0:00:27]} 40. Qb4 {[%emt 0:00:00]} g5 {[%emt 0:00:00]} 41.
Qb2 {[%emt 0:01:25]} g4 {[%emt 0:00:22]} 42. Bg2 {[%emt 0:00:08]} Nh5 {[%emt 0:
00:36]} 43. Be5 {[%emt 0:01:50]} g3 {[%emt 0:01:04]} 44. Bxg3 {[%emt 0:00:45]}
Nxg3 {[%emt 0:00:05]} 45. fxg3 {[%emt 0:00:12]} Qg5 {[%emt 0:00:01]} 46. Qb1+ {
[%emt 0:01:08]} g6 {[%emt 0:00:16]} 47. Kf2 {[%emt 0:01:07]} Qd2 {[%emt 0:00:
21]} 48. Qb4 {[%emt 0:01:00]} Qc2 {[%emt 0:00:23]} 49. a5 {[%emt 0:01:44]} Qf5+
{[%emt 0:00:06]} 50. Bf3 {[%emt 0:00:09]} g5 {[%emt 0:00:02]} 51. Qb8 {[%emt 0:
01:44]} g4 {[%emt 0:01:31]} 52. Qf4 {[%emt 0:00:07]} gxf3 {[%emt 0:00:03]} 53.
Qxf5+ {[%emt 0:00:10]} exf5 {[%emt 0:00:04]} 54. Kxf3 {[%emt 0:00:28]} 1-0

[Event "FIDE WYCC 2016 U14 boys"]
[Site "Khanty Mansiysk"]
[Date "2016.09.24"]
[Round "3.5"]
[White "Semjonovs, Ilja"]
[Black "Haring, Filip"]
[Result "1-0"]
[WhiteElo "2245"]
[BlackElo "2099"]
[Annotator "Reinhold Goldau"]
[PlyCount "117"]
[EventDate "2016.09.??"]
[EventType "swiss"]
[EventRounds "11"]
[EventCountry "RUS"]
[SourceTitle "Youth Database"]
[Source "CBase R.Goldau"]
[SourceDate "2000.03.01"]

1. e4 c5 2. Nf3 Nc6 3. Bb5 e6 4. O-O Nge7 5. b3 a6 6. Be2 b5 7. d4 cxd4 8. Nxd4
Nxd4 9. Qxd4 Nc6 10. Qb2 Bc5 11. Nd2 O-O 12. Nf3 Bb7 13. Qc3 Qb6 14. Bb2 e5 15.
Qd2 d6 16. Bd3 f6 17. a3 a5 18. Qe2 Ba6 19. c3 Qb7 20. b4 Bb6 21. a4 Na7 22.
axb5 Bxb5 23. bxa5 Bc5 24. Ba3 Qc6 25. Rfb1 Rfb8 26. Bxb5 Rxb5 27. Rxb5 Nxb5
28. Qc4+ Kf8 29. Bxc5 Qxc5 30. Qxc5 dxc5 31. c4 Nd6 32. Nd2 Ke7 33. f3 Kd7 34.
Kf2 Kc6 35. Ke3 Rb8 36. a6 Ra8 37. Kd3 Rb8 38. Kc3 Nf7 39. Ra5 Ra8 40. Kd3 Kb6
41. Ra4 Rxa6 42. Rxa6+ Kxa6 43. Kc3 Kb6 44. Nf1 Kc6 45. Ne3 Nd8 46. Nf5 g5 47.
Kd3 Ne6 48. g3 Kd7 49. Nh6 Kd6 50. Ng8 Kd7 51. Nxf6+ Ke7 52. Nxh7 Kf7 53. h4
gxh4 54. gxh4 Nf4+ 55. Ke3 Ng6 56. h5 Nf4 57. Ng5+ Kf6 58. h6 Kg6 59. h7 1-0

[Event "FIDE WYCC 2016 U14 boys"]
[Site "Khanty Mansiysk"]
[Date "2016.09.24"]
[Round "3.6"]
[White "Zhalmakhanov, Ramazan"]
[Black "Sam, Gabriel"]
[Result "1/2-1/2"]
[WhiteElo "2211"]
[BlackElo "2069"]
[Annotator "Reinhold Goldau"]
[PlyCount "82"]
[EventDate "2016.09.??"]
[EventType "swiss"]
[EventRounds "11"]
[EventCountry "RUS"]
[SourceTitle "Youth Database"]
[Source "CBase R.Goldau"]
[SourceDate "2000.03.01"]

1. e4 c5 2. Nf3 e6 3. d4 cxd4 4. Nxd4 Nc6 5. Nc3 Qc7 6. a3 a6 7. Be3 Nf6 8. f4
d6 9. Qf3 Be7 10. O-O-O Bd7 11. Be2 Rc8 12. g4 Nxd4 13. Rxd4 d5 14. exd5 Nxd5
15. Bd2 Bc6 16. Ne4 Bf6 17. Rc4 b5 18. Rxc6 Qxc6 19. Bd3 Be7 20. g5 b4 21. axb4
Bxb4 22. c3 Ne7 23. Kb1 Ba5 24. h4 Nf5 25. h5 Bd8 26. c4 Be7 27. Bc3 O-O 28.
Qh3 Rfd8 29. g6 fxg6 30. hxg6 h6 31. Re1 Rd7 32. Ng5 Rcd8 33. Bxf5 exf5 34. Nf7
Rd1+ 35. Rxd1 Rxd1+ 36. Kc2 Qxg6 37. Nxh6+ gxh6 38. Kxd1 Qg4+ 39. Qxg4+ fxg4
40. b4 Kf7 41. b5 axb5 1/2-1/2

[Event "FIDE WYCC 2016 U14 boys"]
[Site "Khanty Mansiysk"]
[Date "2016.09.24"]
[Round "3.7"]
[White "Piccoli, Lucas Fonseca"]
[Black "Yakubboev, Nodirbek"]
[Result "0-1"]
[WhiteElo "1816"]
[BlackElo "2431"]
[Annotator "Reinhold Goldau"]
[PlyCount "74"]
[EventDate "2016.09.??"]
[EventType "swiss"]
[EventRounds "11"]
[EventCountry "RUS"]
[SourceTitle "Youth Database"]
[Source "CBase R.Goldau"]
[SourceDate "2000.03.01"]

1. c4 e5 2. Nc3 Bb4 3. Nf3 Bxc3 4. bxc3 Nc6 5. e4 d6 6. d4 Nf6 7. d5 Ne7 8. Bd3
Ng6 9. O-O h6 10. a4 a5 11. h3 Nd7 12. Nd2 Nf4 13. Nb3 b6 14. Bxf4 exf4 15. Nd4
Ne5 16. Be2 O-O 17. Nf3 Re8 18. Re1 Qf6 19. Qd4 h5 20. Nxe5 Rxe5 21. Bf3 Bd7
22. Kh2 Rae8 23. Ra2 g6 24. Qd3 Kg7 25. g3 fxg3+ 26. fxg3 h4 27. Bg2 hxg3+ 28.
Qxg3 Rg5 29. Qf3 Qe5+ 30. Kh1 Rg3 31. Qf2 Bxh3 32. Qd4 Bxg2+ 33. Rxg2 Rxc3 34.
Qd2 Rh8+ 35. Kg1 Rxc4 36. Rge2 Rxa4 37. Qc2 Qg3+ 0-1

[Event "FIDE WYCC 2016 U14 boys"]
[Site "Khanty Mansiysk"]
[Date "2016.09.24"]
[Round "3.8"]
[White "Tomasi, Albert"]
[Black "Zarubitski, Viachaslau"]
[Result "1-0"]
[WhiteElo "2200"]
[BlackElo "2340"]
[Annotator "Reinhold Goldau"]
[PlyCount "52"]
[EventDate "2016.09.??"]
[EventType "swiss"]
[EventRounds "11"]
[EventCountry "RUS"]
[SourceTitle "Youth Database"]
[Source "CBase R.Goldau"]
[SourceDate "2000.03.01"]

1. e4 c5 2. Nf3 e6 3. d4 cxd4 4. Nxd4 Nc6 5. Nc3 Qc7 6. f4 a6 7. Nxc6 Qxc6 8.
Bd3 Nf6 9. Qe2 d6 10. Bd2 Be7 11. O-O-O Qc7 12. g4 b5 13. a3 Bb7 14. Rhf1 Nd7
15. g5 Rc8 16. Kb1 Nb6 17. f5 Nc4 18. g6 Bf6 19. fxe6 fxe6 20. Qh5 Qc5 21. Nd5
Bxd5 22. exd5 Be7 23. Bxc4 Qxc4 24. Bc3 e5 25. Qf5 hxg6 26. Qe6 Rf8 1-0

[Event "FIDE WYCC 2016 U14 boys"]
[Site "Khanty Mansiysk"]
[Date "2016.09.24"]
[Round "3.9"]
[White "Shubin, Kirill"]
[Black "Neelash, Saha"]
[Result "1-0"]
[WhiteElo "2304"]
[BlackElo "2020"]
[Annotator "Reinhold Goldau"]
[PlyCount "109"]
[EventDate "2016.09.??"]
[EventType "swiss"]
[EventRounds "11"]
[EventCountry "RUS"]
[SourceTitle "Youth Database"]
[Source "CBase R.Goldau"]
[SourceDate "2000.03.01"]

1. e4 e6 2. d4 d5 3. Nd2 Be7 4. Ngf3 Nf6 5. e5 Nfd7 6. Bd3 c5 7. c3 Nc6 8. O-O
g5 9. b4 cxd4 10. cxd4 g4 11. b5 Nb4 12. Ne1 Nxd3 13. Nxd3 Qb6 14. Qxg4 Qxb5
15. Qg7 Qxd3 16. Qxh8+ Nf8 17. Nf3 Qg6 18. h4 b6 19. Bg5 Ba6 20. Rfc1 Bc4 21.
a4 Bb4 22. Qf6 Qxf6 23. Bxf6 Ng6 24. g3 Ne7 25. Bg5 Nc6 26. Kg2 Kd7 27. Be3 Bd3
28. Ng5 Rf8 29. h5 Na5 30. Ra2 Nc4 31. Bf4 Na5 32. Rd1 Bc4 33. Rb2 Be7 34. Nxh7
Rh8 35. Nf6+ Bxf6 36. exf6 Rxh5 37. g4 Rh8 38. g5 Bb3 39. Ra1 Bc4 40. Ra3 Nc6
41. Rd2 a6 42. Rg3 Rg8 43. Rh3 e5 44. dxe5 Ke6 45. Rh7 Nd8 46. Rg7 Rf8 47. g6
fxg6 48. Re7+ Kf5 49. Bh6 Rf7 50. Bg7 b5 51. axb5 axb5 52. f4 b4 53. Kf3 b3 54.
Rg2 Rxe7 55. fxe7 1-0